| Tag |
First Indicator |
Second Indicator |
Subfields |
| LEADER |
00000cam a22000001 4500 |
| 001 |
in00001665645 |
| 005 |
20151024122515.0 |
| 008 |
981110s1966 un 000 0 ukro |
| 010 |
|
|
|a 67042469
|
| 035 |
|
|
|a (OCoLC)ocm12328195
|
| 040 |
|
|
|a DLC
|c DLC
|d TXA
|d UtOrBLW
|
| 049 |
|
|
|a TXAM
|
| 050 |
0 |
0 |
|a PG3819
|b .M43
|
| 100 |
1 |
|
|a Melʹnychuk, O. S.
|
| 245 |
1 |
0 |
|a Vstup do porivni︠a︡lʹno-istorychnoho vyvchenni︠a︡ slov'i︠a︡nsʹkykh mov /
|c Za red. O.S. Melʹnychuka.
|
| 264 |
|
1 |
|a Kyïv :
|b Naukova dumka,
|c 1966.
|
| 300 |
|
|
|a 594 pages ;
|c 22 cm.
|
| 336 |
|
|
|a text
|b txt
|2 rdacontent
|
| 337 |
|
|
|a unmediated
|b n
|2 rdamedia
|
| 338 |
|
|
|a volume
|b nc
|2 rdacarrier
|
| 500 |
|
|
|a At head of title: Akademii︠a︡ nauk Ukraïnsʹkoï RSR. Instytut movoznavstva im. O. O. Potebni.
|
| 536 |
|
|
|a From the Library of Professor Horace G. Lunt. October 2000.
|
| 650 |
|
0 |
|a Slavic languages
|x Grammar, Comparative.
|
| 650 |
|
0 |
|a Slavic languages
|x Grammar, Historical.
|
| 710 |
2 |
|
|a Instytut movoznavstva im. O.O. Potebni.
|
| 948 |
|
|
|a cataloged
|b h
|c 2002/3/28
|d c
|e spoltoratski
|f 11:27:38 am
|
| 994 |
|
|
|a E0
|b TXA
|
| 999 |
|
|
|a MARS
|
| 999 |
f |
f |
|s 802726ef-7870-3715-af69-c095f1dcb08c
|i 28266639-4e83-354d-8034-835ae3009d97
|t 0
|
| 952 |
f |
f |
|p ric
|a Texas A&M University
|b Rellis Campus
|c Joint Library Facility
|d Remote Storage
|t 0
|e PG3819 .M43
|h Library of Congress classification
|i unmediated -- volume
|m A14828296630
|
| 998 |
f |
f |
|a PG3819 .M43
|t 0
|l Remote Storage
|